Alphabet and numbers together in 20 seconds - Statistics

General Stats
  • This quiz has been taken 66 times
  • The average score is 10 of 26
Answer Stats
Answer % Correct
A1
100%
B2
94%
C3
94%
D4
94%
E5
85%
F6
79%
G7
76%
H8
76%
I9
71%
J10
56%
K11
50%
L12
38%
M13
32%
N14
24%
O15
15%
P16
9%
Q17
9%
R18
6%
S19
6%
T20
3%
U21
3%
V22
3%
W23
3%
X24
3%
Y25
0%
Z26
0%
No matching quizzes found
Score Distribution
Percent of People with Each Score
Percentile by Number Answered
Your Score History
You have not taken this quiz